| 000 | 00605nam a2200217 u 4500 | ||
|---|---|---|---|
| 005 | 20221115063531.0 | ||
| 008 | 150910s2011 r 000 0 eng d | ||
| 020 | _a9789806573192 | ||
| 035 | _aUPN01000205761 | ||
| 049 | _aI | ||
| 050 | 4 |
_aQL858 _bG3.6 |
|
| 100 | 1 |
_aGarcía Rodríguez, Agustín _938056 |
|
| 245 | 1 | 1 |
_a¡Qué dientes! / _cAgustín García Rodríguez. |
| 260 |
_aCaracas : _bCyls, _c2011. |
||
| 300 |
_a34 p. : _bil. col. |
||
| 440 | 0 | _a¡Quedequién! | |
| 650 | 7 |
_aAnimales _vLiteratura infantil _2 _91061 |
|
| 650 | 4 |
_aDIENTES _924361 |
|
| 905 | _aInfantil | ||
| 999 |
_c177862 _d177862 |
||